|
|
|
|
| LEADER |
00000nam0a2200000 4500 |
| 001 |
113679 |
| 005 |
20231031122001.0 |
| 020 |
|
|
|a RU
|b 86-2394
|
| 035 |
|
|
|a (RuTPU)RU\TPU\book\122941
|
| 090 |
|
|
|a 113679
|
| 100 |
|
|
|a 20070414d1985 km y0rusy5003 ca
|
| 101 |
1 |
|
|a rus
|c eng
|
| 102 |
|
|
|a RU
|
| 105 |
|
|
|a a z 001zy
|
| 200 |
1 |
|
|a Сверхпроводящие магниты
|f М. Уилсон
|g Перевод с англ. Н. Н. Потапова, А. И. Русинова; Под ред. Е. Ю. Клименко
|
| 210 |
|
|
|a Москва
|c Мир
|d 1985
|
| 215 |
|
|
|a 407 с.
|c ил.
|
| 305 |
|
|
|a Перевод изд.: Superconducting magnets / Martin N. Wilson (Oxford, 1983 )
|
| 610 |
1 |
|
|a магниты
|
| 610 |
1 |
|
|a теория
|
| 610 |
1 |
|
|a высокая энергия
|
| 610 |
1 |
|
|a термоядерный синтез
|
| 610 |
1 |
|
|a МГД-генераторы
|
| 610 |
1 |
|
|a магнитные сепараторы
|
| 610 |
1 |
|
|a магнитные поля
|
| 610 |
1 |
|
|a магнитные силовые системы
|
| 610 |
1 |
|
|a жесткие сверхпроводники
|
| 610 |
1 |
|
|a сверхпроводящие материалы
|
| 610 |
1 |
|
|a магниты
|
| 610 |
1 |
|
|a изготовление
|
| 610 |
1 |
|
|a физика
|
| 675 |
|
|
|a 621.318.3
|z rus
|
| 700 |
|
1 |
|a Уилсон
|b Мартин Н.
|4 070
|
| 801 |
|
0 |
|a RU
|b RuMRKP
|c 19950704
|g psbo
|
| 801 |
|
1 |
|a RU
|b 63413507
|c 20070414
|g PSBO
|
| 801 |
|
2 |
|a RU
|b 63413507
|c 20140905
|g PSBO
|
| 942 |
|
|
|c BK
|